| 000 | 00518nam a2200181Ia 4500 | ||
|---|---|---|---|
| 003 | OSt | ||
| 005 | 20140320142706.0 | ||
| 008 | 140130s9999 xx 000 0 und d | ||
| 020 | _a0439163528 | ||
| 050 |
_aLB 1573.3 _b.B53 2001 |
||
| 100 | _aBlevins, Wiley | ||
| 245 |
_cWiley Blevins. _aTeaching phonics & word study in the intermediate grades : _ba complete sourcebook / |
||
| 260 |
_bScholastic, _c2001. _aNew York : |
||
| 300 |
_a320 p. : _bill. ; _c26 cm. |
||
| 440 | _v1 | ||
| 942 |
_cBK _2lcc |
||
| 999 |
_c41641 _d41641 |
||